Great essays : (Record no. 12342)
[ view plain ]
| 000 -LEADER | |
|---|---|
| fixed length control field | 00629cam a2200229 a 4500 |
| 020 ## - INTERNATIONAL STANDARD BOOK NUMBER | |
| ISBN | 0618271910 (pbk.) |
| 040 ## - CATALOGING SOURCE | |
| Transcribing agency | DLC |
| 082 00 - DEWEY DECIMAL CLASSIFICATION NUMBER | |
| Classification number | 808 HOU 2004 A092 Or. |
| 100 1# - MAIN ENTRY--AUTHOR NAME | |
| Personal name | Folse, Keith S. |
| 245 10 - TITLE STATEMENT | |
| Title | Great essays : |
| Remainder of title | an introduction to writing essays / |
| 250 ## - EDITION STATEMENT | |
| Edition statement | 2nd ed. |
| 260 ## - PUBLICATION, DISTRIBUTION, ETC. (IMPRINT) | |
| Place of publication | Boston : |
| Name of publisher | Houghton Mifflin, |
| Year of publication | c2004. |
| 300 ## - PHYSICAL DESCRIPTION | |
| Number of Pages | xiv, 202 p. : |
| Other physical details | ill. ; |
| Dimensions | 28 cm. |
| 500 ## - GENERAL NOTE | |
| General note | Includes index. |
| 650 #0 - SUBJECT ADDED ENTRY--TOPICAL TERM | |
| Topical Term | English language |
| 650 #0 - SUBJECT ADDED ENTRY--TOPICAL TERM | |
| Topical Term | English language |
| 650 #0 - SUBJECT ADDED ENTRY--TOPICAL TERM | |
| Topical Term | Report writing |
| 650 #0 - SUBJECT ADDED ENTRY--TOPICAL TERM | |
| Topical Term | College readers. |
| 700 1# - ADDED ENTRY--PERSONAL NAME | |
| Personal name | Muchmore-Vokoun, April. |
| 700 1# - ADDED ENTRY--PERSONAL NAME | |
| Personal name | Solomon, Elena Vestri. |
| 942 ## - ADDED ENTRY ELEMENTS (KOHA) | |
| Koha item type | សៀវភៅភាសាអង់គ្លេស |
| 952 ## - LOCATION AND ITEM INFORMATION (KOHA) | |
| Withdrawn status [LOCAL, KOHA] | 0 |
| Permanent Location | Date acquired | Koha item type | Lost status | Shelving location | Barcode | Current Location | Full call number |
|---|---|---|---|---|---|---|---|
| Library Block A | 2017-08-12 | សៀវភៅភាសាអង់គ្លេស | A092 | A18431 | Library Block A | 808 HOU 2004 A092 Or. |